00450nam a22001457a 450000500170000000800410001702000180005804100130007608200150008910000430010424500600014726000470020730000260025465000240028020231115102200.0231115b |||||||| |||| 00| 0 eng d a9780702132643 aEnglish  a344.1 THO  aThompson, C and Benjamin, P lEnglish  aSouth African Labour Law / cC Thompson and P Benjamin  aCape Town : bJuta and Company Ltd, c2022 b238 pages ; c26 cm.  aLegal practicebLaw